| 000 | 00650nam a2200181 i 4500 | ||
|---|---|---|---|
| 001 | 31767 | ||
| 003 | ES-MaACL | ||
| 005 | 20230906154435.0 | ||
| 007 | t| | ||
| 008 | 030130s1906 gw ||||1| fre d | ||
| 100 | 1 |
_aBaumgarten, Alfred. _926594 |
|
| 245 | 1 | 3 |
_aLa neurasthénie _b: sa nature, la prophylaxie / _cauvrage résumat les expériences personnelles du Alfred Baumgarten ; traduit de l'allemand par le Bonnaymé. |
| 260 |
_aWörishofen : _bBuchdruckerei und Verlagsanstalt Wörishofen, _c1906. |
||
| 300 |
_aXVI, 296 p. ; _c23 cm. |
||
| 650 | 4 |
_aNeurastenia. _9138915 |
|
| 700 | 1 |
_aBonnaymé, Ernest. _9158433 |
|
| 852 |
_aES-MaACL _jB-11400 |
||
| 999 |
_c31767 _d31767 |
||